Sports Quiz

Random Sports or Baseball Quiz

2011 Red Sox Lineup Quiz Stats

 Plays Quiz not verified by Sporcle

Challenge
Share
Tweet
Embed
Score 0/9 Timer 05:00
0 Plays Today
Position Player % Correct
Second BaseDustin Pedroia
100%
First BaseAdrian Gonzalez
100%
CatcherJarrod Saltalamacchia or Jason Varitek
100%
Center FieldJacoby Ellsbury
97.6%
Third BaseKevin Youkilis
95.1%
Designated HitterDavid Ortiz
95.1%
Left Field Carl Crawford
92.7%
Right FieldJD Drew
92.7%
ShortstopMarco Scutaro
87.8%

You're not logged in!

Compare scores with friends on all Sporcle quizzes.
Join for Free
OR
Log In

You Might Also Like...

Show Comments

Extras

Top Quizzes Today


Score Distribution

Your Account Isn't Verified!

In order to create a playlist on Sporcle, you need to verify the email address you used during registration. Go to your Sporcle Settings to finish the process.

Report this User

Report this user for behavior that violates our Community Guidelines.

Details: